Seduced, abandoned, and reborn : visions of youth in middle-class America, 1780-1850

Αποθηκεύτηκε σε:
Λεπτομέρειες βιβλιογραφικής εγγραφής
Κύριος συγγραφέας: Hessinger, Rodney
Μορφή: Βιβλίο
Γλώσσα:English
Δημοσίευση: Philadelphia : University of Pensylvania Press, 2005
Σειρά:Early American studies
Θέματα:
Ετικέτες: Προσθήκη ετικέτας
Δεν υπάρχουν, Καταχωρήστε ετικέτα πρώτοι!

MARC

LEADER 00000nam a2200000 i 4500
001 1/70423
008 080115s2005 eng d
020 |a 0-8122-3879-6 
035 |l 10093675 
040 |a GR-MY-UA  |b gre  |e aacr 
041 0 |a eng 
082 0 |a 305.235086220973  |2 (22) 
100 1 |a Hessinger, Rodney. 
245 1 0 |a Seduced, abandoned, and reborn :  |b visions of youth in middle-class America, 1780-1850 /  |c Rodney Hessinger 
260 |a Philadelphia :   |b University of Pensylvania Press,   |c 2005 
300 |a 255 σ.;  |b εικ.;  |c 24 εκ. 
490 1 |a Early American studies 
504 |a Βιβλιογραφία: σ. [233]-248 
504 |a Ευρετήριο: σ. [249]-252 
650 0 0 |a Youth  |z United States  |x History  |y 18th century. 
650 0 0 |a Youth  |z United States  |x History  |y 19th century. 
650 0 0 |a Youth  |x Books and reading  |z United States  |x History. 
650 0 0 |a Social control  |z United States  |x History. 
650 0 0 |a Moral education  |z United States  |x History. 
651 0 |a United States  |x Social conditions  |y 19th century. 
651 0 |a United States  |x Social conditions  |y 18th century. 
651 0 |a United States  |x Moral conditions. 
830 0 |a Early American studies 
852 |a INST  |b LESVOS  |e 20080115  |h 305.235086220973 HES  |p 005100040867  |q 005100040867  |t BK  |y 0 
901 |a BIBL1-2008-1 
909 |a Λ  |b 142707 
922 |a 1ΕΛΗ  |b 200712  |c ΕΠΕΑΕΚ2/ΤΚΑ  |d ΕΛΕΥΘΕΡΟΥΔΑΚΗΣ 
970 |a ΧΑΤΖΗΜΙΧΑΗΛ  |b ΜΑΡΙΑ  |z 2008/01/15